LIBRARY & INFORMATION CENTRE, KCAET, TAVANUR

ONLINE PUBLIC ACCESS CATALOGUE (OPAC)

Electrical Measurements and measuring instruments / (Record no. 1343)

MARC details
000 -LEADER
fixed length control field 00496cam a2200193ua 4500
041 ## - LANGUAGE CODE
Language code of text/sound track or separate title eng
082 ## - DEWEY DECIMAL CLASSIFICATION NUMBER
Classification number 621.319
Item number GOL/EL
100 ## - MAIN ENTRY--AUTHOR NAME
Personal name Golding, E.W .
245 ## - TITLE STATEMENT
Title Electrical Measurements and measuring instruments /
250 ## - EDITION STATEMENT
Edition statement 5 /
260 ## - PUBLICATION, DISTRIBUTION, ETC. (IMPRINT)
Place of publication Delhi :
Name of publisher A.H.Wheeler & co. pvt Ltd ,
Year of publication 1986.
300 ## - PHYSICAL DESCRIPTION
Number of Pages 952 ; .
700 1# - ADDED ENTRY--PERSONAL NAME
Personal name Widdis, F C .
942 ## - ADDED ENTRY ELEMENTS (KOHA)
Koha item type Books
Holdings
Withdrawn status Lost status Damaged status Home library Current library Date acquired Full call number Accession Number Koha item type Shelving location Cost, normal purchase price
      KAUAET KAUAET 28/10/1988 621.319 GOL/EL 16423 Books    
Withdrawn     KAUAET KAUAET 28/10/1988 621.319 GOL/EL 16424 Books General Stacks  
      KAUAET KAUAET 24/01/2025 621.319 GOL/EL 16420 Books   60.00
      KAUAET KAUAET 24/01/2025 621.319 GOL/EL 16421 Books   60.00
      KAUAET KAUAET 24/01/2025 621.319 GOL/EL 16422 Books   60.00
free website counter